000
00305 a2200145 4500
001
60130
082
_a
358.0095491 KAM
090
_c
36940
_d
36940
100
_a
Kamal Ahmed
245
_a
Untold Tales Of PAF
260
_a
PAF
_b
PAF Book Club
300
_a
281
500
_a
PAF
520
_a
PAF
942
_a
caenust
_k
358.0095491 KAM
999
_c
295203
_d
295203